Online Catalogue and eLibrary

Ape kshethdakeem ha api streewadaya dakina hati (Record no. 1621)

MARC details
000 -LEADER
fixed length control field 00429nam a2200157Ia 4500
005 - DATE AND TIME OF LATEST TRANSACTION
control field 20250612015214.0
008 - FIXED-LENGTH DATA ELEMENTS--GENERAL INFORMATION
fixed length control field 240331s9999 xx 000 0 und d
082 ## - DDC Classification
Item Number - Author Mark APE
Class No. 305
245 #0 - TITLE STATEMENT
Title Ape kshethdakeem ha api streewadaya dakina hati
260 ## - PUBLICATION, DISTRIBUTION, ETC.
Place of publication, distribution, etc. Colombo
Name of publisher, distributor, etc. Rural Development Training & Research Institute
Date of publication, distribution, etc. 1989
300 ## - PHYSICAL DESCRIPTION
Extent (e.g. Volumes, Pages etc.) 92 p .,
650 ## - SUBJECT ADDED ENTRY--TOPICAL TERM
Topical term or geographic name entry element women
650 ## - SUBJECT ADDED ENTRY--TOPICAL TERM
Topical term or geographic name entry element Feminisum
700 ## - ADDED ENTRY--PERSONAL NAME
Personal name Jayakody, S.
Relator term (Role) Editor
942 ## - Koha item type (Biblio)
Koha item type Books in Stacks (Lending)
Holdings
Lost status Damaged status Collection code Home library Current library Shelving location Date acquired Full call number Accession Number Item type
    Lending WERC Library WERC Library Social Science Cupboard 03/31/2024 305.4 APE 1665 Books in Stacks (Lending)

© WERC Library